000 00781nam a2200229 a 4500
001 000021344
005 20200930011314.0
008 100906s1999 sp ac r 000 f spa d
020 _a8420790567
040 _aDO-SdBNP
_bspa
_cBNPHU
082 _a809.93354
_bC335a
100 1 _aCasariego Córdoba, Martín,
_d1962-
_944581
245 1 0 _aEl amor y la literatura :
_bLa mirada del escritor /
_cMartín Casariego Córdoba.
260 _aMadrid :
_bAnaya,
_c1999.
300 _a111, [1] p. :
_bil., retrs. ;
_c21 cm.
490 1 _aPunto de referencia Anaya
500 _aIncluye referencias bibliograficas al pie de las páginas.
650 4 _aAmor en la literatura
_922842
650 4 _aLiteratura española
_9632
830 0 _aPunto de referencia Anaya ;
_944582
049 _aBNGR
999 _c20844
_d20844